|
|
|
|
| LEADER |
00000nab a2200000 a 4500 |
| 001 |
vtls000408888 |
| 003 |
SK-MaSNL |
| 005 |
20260304045446.0 |
| 008 |
120924c1990 xo 0 slo |
| 015 |
|
|
|a SNBRB19rr/mm-uuuuu
|
| 035 |
|
|
|a CL0409012
|
| 040 |
|
|
|a SNKBUCL
|b slo
|c SNKBUCL
|e AACR2
|
| 041 |
0 |
|
|a slo
|
| 044 |
|
|
|a xo
|c SK
|
| 080 |
|
|
|a 371(520)
|2 1981
|
| 100 |
1 |
|
|a Tuma, Miroslav,
|d 1931-
|4 aut
|9 88447
|
| 245 |
1 |
0 |
|a Japonská škola - škola svetového úspechu. 3. časť
|c Miroslav Tuma
|
| 300 |
|
|
|b Fot. 6., lit. 45 zázn. v rôz. jaz. /Dokončenie./
|
| 650 |
0 |
7 |
|a školstvo
|2 snkbucl
|9 19712
|
| 651 |
|
7 |
|a Japonsko
|2 snkbucl
|9 16392
|
| 655 |
|
7 |
|a články z novín a časopisov
|2 snkbucl
|9 267496
|
| 773 |
0 |
|
|t Osvetová práca
|g Roč. 40, č. 25-26 (1990), s. 18-24
|
| 850 |
|
|
|a Slovenská národná knižnica v Martine
|a MTA001
|
| 852 |
|
|
|a SNK
|b KIS3GCP
|
| 958 |
|
|
|a RK
|
| 992 |
|
|
|a RBX
|
| 999 |
|
|
|c 2692485
|d 2694415
|